|
|
|
|
| LEADER |
00736cam a2200241 7i4500 |
| 001 |
0000034935 |
| 005 |
20180327090000.0 |
| 007 |
##ta |
| 008 |
180327s2017 enk o 000 0 eng d |
| 020 |
# |
# |
|a 9783319579023
|
| 040 |
# |
# |
|a MATR
|
| 090 |
0 |
0 |
|a I 337
|b MOA
|
| 100 |
1 |
# |
|a Moak, Ken
|
| 245 |
1 |
0 |
|a Developed Nations and the Economic Impact of Globalization.
|
| 264 |
# |
1 |
|a London:
|b Palgrave Macmillan,
|c 2017.
|
| 300 |
# |
# |
|a xii, 259 pages:
|b illustrations;
|c 22 cm.
|
| 336 |
# |
# |
|a text
|2 rdacontent
|
| 337 |
# |
# |
|a unmediated
|2 rdamedia
|
| 338 |
# |
# |
|a volume
|2 rdacarrier
|
| 650 |
# |
0 |
|a International economic relations
|
| 650 |
# |
0 |
|a Economic policy
|
| 650 |
# |
0 |
|a Development economics
|
| 999 |
|
|
|a 0000039683
|b Book
|c International
|e Business Information Centre
|